00253 a2200121 4500001000700000020000600007040001100013100003700024240002900061245002400090300000800114362000900122188716 a  cMagnum aCenni Júnior, Mário Agostino10aPrincípios moraislpor10aPrincípios morais a3540 a2009